[Event "AUTO-MASTER-299"]
[Site "http://www.queenalice.com/game.php?id=356507"]
[Date "2008.2.18"]
[Round "2"]
[White "Juanjo"]
[Black "R_Mutt"]
[Result "0-1"]
[WhiteElo "1954"]
[BlackElo "2326"]

1. e4 e5 2. Nf3 Nc6 3. Bb5 a6 4. Bxc6 dxc6 5. O-O Bd6 6. d4 exd4 7. Qxd4 f6 8.
Be3 Be6 9. Nbd2 Ne7 10. Nh4 Qd7 11. f4 c5 12. Qd3 Ng6 13. Nxg6 hxg6 14. e5 Bf8
15. Qxg6+ Bf7 16. Qg3 O-O-O 17. Ne4 Qf5 18. Nxc5 Bd5 19. Rad1 Qxc2 20. Rd2 Qf5
21. Rfd1 Bxc5 0-1

[Event "AUTO-MASTER-299"]
[Site "http://www.queenalice.com/game.php?id=356508"]
[Date "2008.2.18"]
[Round "2"]
[White "R_Mutt"]
[Black "Juanjo"]
[Result "1-0"]
[WhiteElo "2326"]
[BlackElo "2020"]

1. e4 e5 2. Nf3 Nc6 3. Bb5 a6 4. Ba4 Nf6 5. d3 d6 6. c3 Be7 7. O-O O-O 8. Re1
Bd7 9. Nbd2 Qe8 10. Nf1 Nd4 11. Bxd7 Nxf3+ 12. Qxf3 Nxd7 13. Ng3 Bf6 14. b4 Qe6
15. Nf5 Rfe8 16. a3 a5 17. Be3 b5 18. Rec1 c5 19. g4 g6 20. Nh6+ 1-0

[Event "AUTO-MASTER-299"]
[Site "http://www.queenalice.com/game.php?id=356509"]
[Date "2008.2.18"]
[Round "2"]
[White "Juanjo"]
[Black "Nelson"]
[Result "0-1"]
[WhiteElo "2049"]
[BlackElo "2305"]

1. e4 e5 2. Nf3 Nc6 3. Bb5 a6 4. Ba4 d6 5. c3 Bd7 6. d4 Nf6 7. d5 Nb8 8. Bc2 Be7
9. c4 b5 10. c5 c6 11. cxd6 Bxd6 12. O-O O-O 13. h3 cxd5 14. exd5 e4 15. Ng5 Re8
16. Nc3 Bf5 17. Re1 Bb4 18. f3 Bxc3 19. bxc3 h6 20. Nxe4 Nxd5 21. Bb3 Bxe4 22.
fxe4 Qb6+ 23. Kh1 Nxc3 24. Qf3 Qf6 25. Qxf6 gxf6 26. Bxh6 Nd7 27. Rac1 Nxe4 28.
Kg1 Ndc5 29. Bd5 Rad8 30. Red1 Rd7 31. Bc6 Rxd1+ 32. Rxd1 Rc8 33. Bxe4 Nxe4 34.
Rd4 f5 35. Be3 Kh7 0-1

[Event "AUTO-MASTER-299"]
[Site "http://www.queenalice.com/game.php?id=356510"]
[Date "2008.2.18"]
[Round "2"]
[White "Nelson"]
[Black "Juanjo"]
[Result "1-0"]
[WhiteElo "2266"]
[BlackElo "2023"]

1. e4 e6 2. d4 d5 3. e5 c5 4. c3 Nc6 5. Nf3 Bd7 6. Be2 cxd4 7. cxd4 Qb6 8. O-O
Nge7 9. Nc3 Nf5 10. Na4 Qa5 11. Bd2 Qc7 12. Rc1 b6 13. Bd3 Be7 14. Nc3 O-O 15.
Bxf5 exf5 16. Nxd5 Qb7 17. Qb3 Be6 18. Rxc6 Kh8 19. Qb5 Bxd5 20. Qxd5 Rad8 21.
Qb5 h6 22. d5 Rd7 23. Rfc1 Bc5 24. b4 1-0

[Event "AUTO-MASTER-299"]
[Site "http://www.queenalice.com/game.php?id=356511"]
[Date "2008.2.18"]
[Round "2"]
[White "Juanjo"]
[Black "Rusty"]
[Result "1-0"]
[WhiteElo "2023"]
[BlackElo "2277"]

1. d4 Nf6 2. c4 e6 3. Nc3 Bb4 4. e3 O-O 5. Bd3 d5 6. Nf3 c5 7. O-O Nc6 8. a3
Bxc3 9. bxc3 dxc4 10. Bxc4 Qc7 11. Qe2 e5 12. Bb2 Bg4 13. h3 Bf5 14. Rac1 Bg6
15. Nh4 Rfd8 16. Nxg6 hxg6 17. Rfd1 Rd6 18. a4 1-0

[Event "AUTO-MASTER-299"]
[Site "http://www.queenalice.com/game.php?id=356512"]
[Date "2008.2.18"]
[Round "2"]
[White "Rusty"]
[Black "Juanjo"]
[Result "1-0"]
[WhiteElo "2048"]
[BlackElo "2016"]

1. d4 d5 2. c4 e6 3. Nc3 Nf6 4. cxd5 Nxd5 5. e4 Nxc3 6. bxc3 c5 7. Nf3 cxd4 8.
cxd4 Nc6 9. Bc4 Bb4+ 10. Bd2 Qa5 11. d5 Ne7 12. Rb1 Bxd2+ 13. Qxd2 Qxd2+ 14.
Kxd2 exd5 15. exd5 O-O 16. Rhe1 1-0

[Event "AUTO-MASTER-486"]
[Site "http://www.queenalice.com/game.php?id=372787"]
[Date "2008.3.18"]
[Round "1"]
[White "Juanjo"]
[Black "C_kaverna"]
[Result "1-0"]
[WhiteElo "2056"]
[BlackElo "1534"]

1. e4 c6 2. d4 d5 3. Nc3 dxe4 4. Nxe4 Bf5 5. Ng3 Bg6 6. h4 h6 7. Nf3 Nd7 8. h5
Bh7 9. Bd3 Bxd3 10. Qxd3 Ngf6 11. Bd2 1-0

[Event "AUTO-MASTER-486"]
[Site "http://www.queenalice.com/game.php?id=372792"]
[Date "2008.3.18"]
[Round "1"]
[White "cleber"]
[Black "Juanjo"]
[Result "1-0"]
[WhiteElo "2128"]
[BlackElo "1987"]

1. Nf3 d5 2. g3 Nf6 3. Bg2 Nc6 4. d4 Bf5 5. Ne5 e6 6. Nxc6 bxc6 7. c4 Bb4+ 8.
Nd2 O-O 9. O-O h6 10. Qa4 Bxd2 11. Bxd2 c5 12. dxc5 Ne4 13. Bf4 c6 14. Bxe4 Bxe4
15. Bd6 Re8 16. Qxc6 Rc8 17. Qb7 f5 18. f3 dxc4 19. fxe4 1-0

[Event "AUTO-MASTER-486"]
[Site "http://www.queenalice.com/game.php?id=372793"]
[Date "2008.3.18"]
[Round "1"]
[White "Juanjo"]
[Black "cleber"]
[Result "1/2-1/2"]
[WhiteElo "1971"]
[BlackElo "2136"]

1. e4 e6 2. d4 d5 3. Nc3 dxe4 4. Nxe4 Bd7 5. Nf3 Bc6 6. Bd3 Nd7 7. O-O Ngf6 8.
Bg5 Be7 9. Ng3 h6 10. Bd2 Nb6 11. c3 Nbd7 12. Re1 O-O 13. Rc1 Bd6 14. Bb1 Nb6
15. c4 Bxg3 16. hxg3 Bxf3 17. gxf3 Qxd4 18. Bf4 Qxb2 19. Be5 Qa3 1/2-1/2

[Event "AUTO-MASTER-327"]
[Site "http://www.queenalice.com/game.php?id=376979"]
[Date "2008.3.25"]
[Round "2"]
[White "Juanjo"]
[Black "R_Mutt"]
[Result "0-1"]
[WhiteElo "2024"]
[BlackElo "2323"]

1. e4 e5 2. Nf3 Nc6 3. Bb5 a6 4. Ba4 Nf6 5. O-O b5 6. Bb3 Bb7 7. d3 Bc5 8. Nc3
d6 9. Bg5 h6 10. Bxf6 Qxf6 11. Nd5 Qd8 12. c3 O-O 13. d4 Ba7 14. a4 bxa4 0-1

[Event "AUTO-MASTER-327"]
[Site "http://www.queenalice.com/game.php?id=376980"]
[Date "2008.3.25"]
[Round "2"]
[White "R_Mutt"]
[Black "Juanjo"]
[Result "1-0"]
[WhiteElo "2320"]
[BlackElo "2028"]

1. Nf3 Nf6 2. g3 d5 3. Bg2 Nc6 4. O-O e5 5. d3 Be7 6. c3 O-O 7. Nbd2 h6 8. Qc2
Bf5 9. e4 Bh7 10. a4 a5 11. Re1 dxe4 12. dxe4 Bc5 13. h3 Nh5 14. Nf1 1-0

[Event "AUTO-MASTER-327"]
[Site "http://www.queenalice.com/game.php?id=376981"]
[Date "2008.3.25"]
[Round "2"]
[White "Juanjo"]
[Black "crubiov"]
[Result "0-1"]
[WhiteElo "2043"]
[BlackElo "2337"]

1. e4 e5 2. Nf3 Nf6 3. d4 exd4 4. e5 Ne4 5. Qxd4 d5 6. exd6 Nxd6 7. Bd3 Qe7+ 8.
Be3 Nf5 9. Bxf5 Bxf5 10. Na3 Nc6 11. Qa4 Qb4+ 12. Qxb4 Bxb4+ 13. c3 Bxa3 14.
bxa3 O-O-O 15. O-O Be4 16. Nd4 Ne5 17. Rfe1 Nd3 18. Re2 Rhe8 0-1

[Event "AUTO-MASTER-327"]
[Site "http://www.queenalice.com/game.php?id=376982"]
[Date "2008.3.25"]
[Round "2"]
[White "crubiov"]
[Black "Juanjo"]
[Result "1-0"]
[WhiteElo "2340"]
[BlackElo "2039"]

1. e4 e5 2. Nf3 Nc6 3. Bc4 Bc5 4. Nc3 Nf6 5. d3 h6 6. O-O O-O 7. a3 d6 8. Na4
Bg4 9. Nxc5 dxc5 10. h3 Bxf3 11. Qxf3 Nd4 12. Qd1 b5 13. Ba2 c4 14. dxc4 Nxe4
15. c3 Ne6 16. Qxd8 Rfxd8 17. cxb5 1-0